00872nam a2200253 a 450000100100000000500170001000800410002702000150006804000250008308200230010810000210013124500950015225000110024726000390025830000280029749000460032550000320037150000550040365000380045865000230049665000340051970000190055383000460057200002596420200930024204.0110217s1998 mx ab r 000 | spa d a8420518778 aDO-SdBNPbspacBNPHU a302.2bM764c, 19981 aMontaner, Pedro,10a¿Cómo nos comunicamos? :bdel gesto a la telemática /cPedro Montaner, Rafael Moyano. a2a ed. aMéxico :bAddison Wesley,c1998. a126 p. :bil. ;c23 cm.0 aBiblioteca de Recursos Didácticos BREDA a2a. reimpr. noviembre 1996. aLa biblioteca posee la 2a. reimpresión del 1996. 4aComunicaciónxAspectos sociales 4aLenguaje y lenguas 4aComunicación hombrexAnimal1 aMoyano, Rafael 0aBiblioteca de Recursos Didácticos BREDA